000 00312nam a2200133 i 4500
001 bg
100 1 _aPADELT, Erna
245 0 _aCzłowiek mierzy czas i przestrzeń /
_cErna Padelt.
260 _aWarszawa,
_c1977.
040 _cBPK
041 _apol
942 _cKS
008 s pl f |000 0 pol
999 _c17651
_d17651
856 _uhttp://koha.tu.koszalin.pl/cgi-bin/koha/opac-detail.pl?biblionumber=17651
_yKatalog online BPK